000 00649nam a2200265Ia 4500
005 20250425161858.0
008 250425s9999 xx 000 0 und d
020 _a8480882468
041 _aspa
043 _asp
082 _a658
100 _aAMAT DOMENECH, FRANCISCO
245 0 _aEL CONTROL DE GESTION: UNA PERSPECTIVA DE DIRECCION
250 _a1A ED.
260 _aBARCELONA
260 _aEspaƱa
_bGESTION 2000 S.A.
_c1998
300 _a270
650 _aCONTROL
650 _aDIRECCION DE EMPRESAS
650 _aGESTION
650 _aSISTEMAS DE CONTROL
710 _aGESTION 2000 S.A.
942 _c01
010 _a33428
999 _c218012
_d218012